Statistics for Video Game Characters (Nintendo & Playstation)

Click here to take the quiz!

General Stats

  • This quiz has been taken 915 times
  • The average score is 19 of 40

Answer Stats

ClueAnswer% Correct
NintendoItalian plumberMario
99%
NintendoGreen dinosaurYoshi
94%
Nintendo/SegaBlue hedgehogSonic
90%
NintendoHero of timeLink
87%
NintendoThe water type starter Pokémon in generation 1Squirtle
76%
Nintendo007James Bond
75%
NintendoHas the power to copy abilitiesKirby
72%
PlaystationMain protagonist in Metal Gear and also playable in Super Smash BrothersSnake
68%
PlaystationThe purple drake who travels across various worlds in order to rescue his fellow dragonsSpyro
65%
PlaystationHe is killing the greek gods with a pair of chained bladesKratos
64%
PlaystationShe is a woman who travels the world in search of forgotten artefacts and locationsLara Croft
62%
NintendoBlue bird in Starfox teamFalco Lombardi
61%
PlaystationA formidable fighter possessing the ability to control ice (Mortal Kombat)Sub-Zero
61%
NintendoTrying to stop Dr. WIlyMegaman
59%
PlaystationA hero who aims to rescue Tawna from Doctor Neo CortexCrash Bandicoot
58%
PlaystationHe is a treasure hunter, fortune seeker and professional thief.Nathan Drake
56%
NintendoMain protagonist in EarthBoundNess
52%
PlaystationA mechanic and his robot are saving the world using unique weapons and gadgetsRatchet & Clank
50%
NintendoThe creatures called Pikmin are helping himCaptain Olimar
48%
PlaystationHe got a Keyblade and help from Donald Duck and GoofySora
47%
NintendoThe Hero-King from the Fire Emblem seriesMarth
44%
PlaystationJak gather power cells to travel the world in search of a cure for his best friendDaxter
43%
NintendoDiddy Kong's girlfriendDixie Kong
43%
NintendoThe archenemy of Samus AranRidley
43%
PlaystationAlong with his two friends Bentley the turtle and Murray the hippo they are the best group of thieves in the world. What is the name of the raccoon?Sly Cooper
43%
PlaystationWielding a huge sword in the Final Fantasy seriesCloud Strife
42%
NintendoOn a quest for the three sacred treasures and save the ruler PalutenaPit
42%
PlaystationMost of civilization is destroyed by the infection. She is fighting against bandits and cannibals with Joel with hope that her immunity may lead to a cureEllie
41%
PlaystationHe has no arms, legs, or neck, though he has hands, feet, and a headRayman
41%
NintendoBear with a bird in his backpack (bear and bird)Banjo and Kazooie
38%
NintendoA squirrel with a frying panConker
38%
PlaystationHe have a sister called Claire Redfield and trying to stop the Umbrella corporationChris Redfield
36%
PlaystationHe is the first of the Four Horsemen of the ApocalypseWar
26%
PlaystationHis grandfather is Heihachi MishimaJin Kazama
22%
PlaystationA bike courier of Empire City who happens to be in the center of the explosion, surviving it and gaining electricity-based super powersCole MacGrath
19%
NintendoSage of shadowImpa
15%
NintendoFire guy from Killer InstinctCinder
8%
PlaystationWas struck down by the first arrow fired in the battle against Zarok. With the king choosing to cover it up and declare him the "Hero"Sir Daniel
6%
PlaystationA soldier in the US military is infected with the Chimeran virus (Resistance 1 & 2)Nathan Hale
4%
NintendoWhat is the name of the wardog in the Jet Force Gemeni team?Lupus
3%

Score Distribution

Percentile by Number Answered

Percent of People with Each Score

Your Score History

You have not taken this quiz